<?xml version="1.0" encoding="UTF-8"?>
<record
    xmlns:xsi="http://www.w3.org/2001/XMLSchema-instance"
    xsi:schemaLocation="http://www.loc.gov/MARC21/slim http://www.loc.gov/standards/marcxml/schema/MARC21slim.xsd"
    xmlns="http://www.loc.gov/MARC21/slim">

  <leader>01345nam a22001697a 4500</leader>
  <controlfield tag="008">120719t        xxu||||| |||| 00| 0 eng d</controlfield>
  <datafield tag="020" ind1=" " ind2=" ">
    <subfield code="a">9780073195858</subfield>
  </datafield>
  <datafield tag="050" ind1=" " ind2=" ">
    <subfield code="a">TS155.S33</subfield>
  </datafield>
  <datafield tag="100" ind1=" " ind2=" ">
    <subfield code="a">Stevenson, William J.</subfield>
  </datafield>
  <datafield tag="245" ind1=" " ind2=" ">
    <subfield code="a">Study guide for use with operations management. /</subfield>
    <subfield code="c">William J. Stevenson</subfield>
  </datafield>
  <datafield tag="250" ind1=" " ind2=" ">
    <subfield code="a">9th ed.</subfield>
  </datafield>
  <datafield tag="260" ind1=" " ind2=" ">
    <subfield code="a">Boston:</subfield>
    <subfield code="b">McGraw Hill,</subfield>
    <subfield code="c">2007.</subfield>
  </datafield>
  <datafield tag="300" ind1=" " ind2=" ">
    <subfield code="a">v, 272 p.:</subfield>
    <subfield code="b">ill.;</subfield>
    <subfield code="c">25cm.</subfield>
  </datafield>
  <datafield tag="505" ind1=" " ind2=" ">
    <subfield code="a">Contents: Introduction: Introduction to operations management -- Competitiveness, strategy, and productivity -- Forecasting: Product and service design -- 4S Reliability -- Strategic capacity planning for products and services -- 5S Decision theory -- Process selection and facility layout -- 6S Linear programming -- Design of work systems -- 7S Learning curves -- Location planning and analysis -- 8S Transportation model -- Quality: Management of quality -- Quality control -- 10S Acceptance sampling -- Supply chain management and scheduling: Supply chain management -- Inventory management and scheduling: Inventory management -- Aggregate planning -- MRP &amp; ERP -- JIT and lean operations -- 15S Maintenance -- Scheduling -- Project management: Project management -- Waiting lines and simulation: Management of waiting lines -- 18S Simulation -- Appendix tables.</subfield>
  </datafield>
  <datafield tag="650" ind1=" " ind2=" ">
    <subfield code="b">Operations management.</subfield>
  </datafield>
  <datafield tag="942" ind1=" " ind2=" ">
    <subfield code="2">lcc</subfield>
    <subfield code="c">BK</subfield>
  </datafield>
  <datafield tag="999" ind1=" " ind2=" ">
    <subfield code="c">1746</subfield>
    <subfield code="d">9246</subfield>
  </datafield>
  <datafield tag="952" ind1=" " ind2=" ">
    <subfield code="0">0</subfield>
    <subfield code="1">0</subfield>
    <subfield code="2">lcc</subfield>
    <subfield code="4">0</subfield>
    <subfield code="7">0</subfield>
    <subfield code="a">WIUC-1</subfield>
    <subfield code="b">WIUC-1</subfield>
    <subfield code="c">GEN</subfield>
    <subfield code="d">2012-07-19</subfield>
    <subfield code="l">0</subfield>
    <subfield code="o">TS155.S33</subfield>
    <subfield code="p">5637/12</subfield>
    <subfield code="r">2012-07-19 00:00:00</subfield>
    <subfield code="t">1</subfield>
    <subfield code="w">2012-07-19</subfield>
    <subfield code="y">BK</subfield>
  </datafield>
  <datafield tag="952" ind1=" " ind2=" ">
    <subfield code="0">0</subfield>
    <subfield code="1">0</subfield>
    <subfield code="2">lcc</subfield>
    <subfield code="4">0</subfield>
    <subfield code="7">0</subfield>
    <subfield code="a">WIUC-1</subfield>
    <subfield code="b">WIUC-1</subfield>
    <subfield code="c">GEN</subfield>
    <subfield code="d">2012-07-19</subfield>
    <subfield code="l">0</subfield>
    <subfield code="o">TS155.S34</subfield>
    <subfield code="p">5638/12</subfield>
    <subfield code="r">2012-07-19 00:00:00</subfield>
    <subfield code="t">2</subfield>
    <subfield code="w">2012-07-19</subfield>
    <subfield code="y">BK</subfield>
  </datafield>
  <datafield tag="952" ind1=" " ind2=" ">
    <subfield code="0">0</subfield>
    <subfield code="1">0</subfield>
    <subfield code="2">lcc</subfield>
    <subfield code="4">0</subfield>
    <subfield code="7">0</subfield>
    <subfield code="a">WIUC-1</subfield>
    <subfield code="b">WIUC-1</subfield>
    <subfield code="c">GEN</subfield>
    <subfield code="d">2012-07-19</subfield>
    <subfield code="l">0</subfield>
    <subfield code="o">TS155.S35</subfield>
    <subfield code="p">5639/12</subfield>
    <subfield code="r">2012-07-19 00:00:00</subfield>
    <subfield code="t">3</subfield>
    <subfield code="w">2012-07-19</subfield>
    <subfield code="y">BK</subfield>
  </datafield>
</record>
